Quizzes
Events
Quiz Creation
Community
Videos
Private Events
Remove Ads
Sign In
Join for FREE
Feedback
Dark Mode
Quiz Categories
Sports
Geography
Music
Movies
Television
Just For Fun
Miscellaneous
History
Literature
Language
Science
Gaming
Entertainment
Religion
Holiday
For Kids
Quiz Lab
Recent
Popular Today
Quiz Kudos Today
Editor Picks
Curator Picks
Quizzes by...
Day
Popularity
Type
Ratings
Length
Year
Community
Subscriptions
Recent Discussions
Orange Saloon
Badges
Playlists
Quests
Create
Leaderboards
Showdown
Live 5
Trivia Bingo
Activity
Puzzle Library
Sporcle Events
Private Events
Virtual Trivia
Globe League
Become a Host
Pub Owners
SporcleCon
Opinionation
Our Games
Videos
Blog
Mobile Apps
Partnerships
Remove Ads and Go Orange
Feedback
Sports
Athletes
MLB
NBA
NHL
NFL
Soccer
Sports Teams
WWE
NCAA
Football
Premier League
Basketball
Baseball
Hockey
Golf
Tennis
Cricket
Rugby
Auto Racing
Olympics
World Cup
Sports
Athletes
MLB
NBA
NHL
NFL
Soccer
Sports Teams
WWE
NCAA
Football
Premier League
Basketball
Baseball
Hockey
Golf
Tennis
Cricket
Rugby
Auto Racing
Olympics
World Cup
Random Quiz
Search Sporcle
×
Quiz Lab
Quiz Lab
Sports
College
Type in answers that appear in a list
Type in answers that appear in a list
Classic
Best Score? Go Orange.
NBA Top 5 Scorers by College Coach (All-Time) Stats
Can you name the top 5 NBA scorers who played for each coach in college?
By
Feely
20m
300 Questions
295 Plays
295 Plays
295 Plays
Comments
Comments
Give Quiz Kudos
Give Quiz Kudos
-
- Ratings
hide this ad
Replay
Link that replays current quiz
Next Quiz
Link to next quiz in quiz playlist
You Got
0%
They Got
Avg Score
53%
Avg Friend Score
Upgrade to see
Score Distribution
Jump to the score distribution portion of the page
Score
0/300
Timer
20:00
0
Plays Today
Coach
Player
% Correct
Dean Smith
Michael Jordan
95.6%
Nolan Richardson
Joe Johnson
93.6%
Jerry Tarkanian
Larry Johnson
93.2%
Jud Heathcote
Magic Johnson
93.2%
John Wooden
Marques Johnson
92.9%
Lou Henson
Eddie Johnson
92.9%
Ralph Miller
John Johnson
92.9%
Wimp Sanderson
Buck Johnson
92.9%
Lou Carnesecca
George Johnson
92.9%
John Wooden
Kareem Abdul-Jabbar
92.2%
Billy Donovan
Jason Williams
91.9%
Roy Williams
Marvin Williams
91.5%
Gary Williams
Walt Williams
91.2%
Lefty Driesell
Buck Williams
91.2%
Jim Dutcher
Ray Williams
91.2%
Bob Boyd
Gus Williams
91.2%
Pete Gillen
Eric Williams
91.2%
Pete Gillen
Aaron Williams
91.2%
Paul Hewitt
Jarrett Jack
90.8%
Gary Williams
Joe Smith
90.2%
Jud Heathcote
Steve Smith
89.8%
Jim Boeheim
Carmelo Anthony
89.5%
Denny Crum
Derek Smith
89.5%
Adolph Rupp
Adrian Smith
89.5%
Skip Prosser
Ish Smith
89.5%
Lorenzo Romar
Nate Robinson
88.8%
Tom Izzo
Draymond Green
88.6%
John Thompson
Patrick Ewing
88.5%
Bill Self
Deron Williams
87.9%
Tom Izzo
Jason Richardson
86.8%
Bob Knight
Isiah Thomas
86.1%
Rick Barnes
Myles Turner
86.1%
Skip Prosser
Josh Howard
86%
Skip Prosser
David West
86%
Jim Calhoun
Ray Allen
85.4%
Steve Fisher
Chris Webber
85.1%
Cliff Ellis
Dale Davis
85.1%
Tom Davis
Ricky Davis
85.1%
Lou Carnesecca
Mark Jackson
85.1%
Dean Smith
Walter Davis
84.7%
Lefty Driesell
Brad Davis
84.7%
John Thompson
Allen Iverson
84.4%
Dean Smith
Vince Carter
84.1%
Steve Fisher
Juwan Howard
84.1%
Steve Fisher
Jalen Rose
83.7%
Billy Donovan
Mike Miller
83.7%
Mike Krzyzewski
Grant Hill
83.4%
Mike Krzyzewski
Elton Brand
83.4%
Jim Calhoun
Clifford Robinson
83.4%
John Calipari
Derrick Rose
83.4%
Bob Boyd
Cliff Robinson
83.1%
Pete Gillen
Tyrone Hill
83.1%
Roy Williams
Paul Pierce
82.7%
Jim Dutcher
Mychal Thompson
80.7%
Guy Lewis
Dwight Jones
80.7%
Norm Sloan
David Thompson
80.7%
Rick Pitino
Antoine Walker
80.3%
Paul Hewitt
Chris Bosh
80.1%
Dean Smith
Antawn Jamison
80%
Joe Mullaney
Jimmy Walker
80%
John Brady
Brandon Bass
80%
Tom Crean
Dwyane Wade
80%
Tom Izzo
Zach Randolph
78.9%
Bobby Cremins
Kenny Anderson
78.6%
Eddie Sutton
Tony Allen
78.6%
Rick Pitino
Derek Anderson
78.6%
Guy Lewis
Elvin Hayes
78.3%
Lou Henson
Nick Anderson
78%
Guy Lewis
Hakeem Olajuwon
78%
Hugh Durham
Willie Anderson
78%
Hugh Durham
Shandon Anderson
78%
Tubby Smith
Shandon Anderson
78%
John Thompson
Alonzo Mourning
76.9%
Jim Valvano
Spud Webb
76.9%
Rick Barnes
Kevin Durant
76.9%
Ben Howland
Kevin Love
76.9%
Ralph Miller
A.C. Green
75.9%
Jim Calhoun
Richard Hamilton
75.6%
Guy Lewis
Clyde Drexler
75.6%
Johnny Orr
Rickey Green
75.3%
John Calipari
John Wall
74.9%
Steve Fisher
Glen Rice
74.2%
Bill Frieder
Glen Rice
74.2%
Skip Prosser
Chris Paul
73.7%
Ben Howland
Russell Westbrook
72.5%
Paul Hewitt
Thaddeus Young
72.3%
Lute Olson
Mike Bibby
72.2%
Lute Olson
Jason Terry
70.8%
Ray Meyer
Mark Aguirre
70.5%
John Thompson
Dikembe Mutombo
70.2%
Digger Phelps
Adrian Dantley
69.5%
Jud Heathcote
Micheal Ray Richardson
69.2%
Pat Kennedy
Quentin Richardson
69.2%
Bill Self
Markieff Morris
68.4%
Lute Olson
Richard Jefferson
68.1%
Ralph Miller
Fred Brown
67.8%
Ned Wulk
Byron Scott
67.8%
Hugh Durham
Dominique Wilkins
67.8%
Jim Calhoun
Rudy Gay
67.5%
Mike Krzyzewski
Carlos Boozer
67.5%
Coach
Player
% Correct
Jim Boeheim
Derrick Coleman
67.5%
Bobby Cremins
Dennis Scott
67.5%
John Calipari
Anthony Davis
67.5%
Cliff Ellis
Horace Grant
66.8%
Cliff Ellis
Harvey Grant
66.8%
Pete Gillen
Brian Grant
66.8%
Lorenzo Romar
Isaiah Thomas
66.8%
Lute Olson
Andre Iguodala
66.5%
John Wooden
Gail Goodrich
66.4%
Digger Phelps
LaPhonso Ellis
66.1%
John MacLeod
LaPhonso Ellis
66.1%
Mike Krzyzewski
Luol Deng
65%
Tom Izzo
Morris Peterson
64.9%
John Wooden
Jamaal Wilkes
64.7%
Jim Calhoun
Kemba Walker
64.7%
Billy Donovan
Al Horford
64.4%
Tim Floyd
Nick Young
64.1%
Nolan Richardson
Corliss Williamson
63.4%
Lou Carnesecca
Chris Mullin
63.4%
Bobby Cremins
Mark Price
62.7%
Denny Crum
Jim Price
62.7%
Ralph Miller
Gary Payton
62.4%
Bobby Cremins
Stephon Marbury
62%
Jim Dutcher
Kevin McHale
62%
John Calipari
DeMarcus Cousins
62%
Eddie Sutton
Alvin Robertson
61.4%
Billy Donovan
David Lee
61.4%
Mike Krzyzewski
Kyrie Irving
61%
Rick Barnes
D.J. Augustin
60.7%
Lefty Driesell
Albert King
60.3%
Dean Smith
Bob McAdoo
59%
Frank McGuire
Alex English
59%
Jerry Tarkanian
Reggie Theus
58.6%
Ray Meyer
Terry Cummings
58.6%
Lou Henson
Derek Harper
58.3%
Digger Phelps
Bill Laimbeer
58.3%
Gary Williams
Steve Francis
58%
Eddie Sutton
Sidney Moncrief
58%
Rick Barnes
LaMarcus Aldridge
58%
John Calipari
Devin Booker
58%
Lute Olson
Damon Stoudamire
57.3%
Tom Izzo
Gary Harris
57%
Lefty Driesell
John Lucas
56.3%
Lou Henson
Kendall Gill
55.9%
Norm Sloan
Kenny Carr
55.9%
Bill Self
Joel Embiid
55.8%
Wimp Sanderson
Latrell Sprewell
55.6%
Adolph Rupp
Dan Issel
55.3%
Gary Williams
Michael Adams
54.9%
Johnny Orr
Campy Russell
54.9%
Roy Williams
Raymond Felton
54.9%
John MacLeod
Alvan Adams
54.9%
Tom Davis
Michael Adams
54.9%
Denny Crum
Darrell Griffith
54.6%
Tim Floyd
O.J. Mayo
54.2%
Jim Boeheim
Sherman Douglas
53.6%
Bill Self
Marcus Morris
53.4%
Jay Wright
Dante Cunningham
53.3%
Jud Heathcote
Kevin Willis
53.2%
Bob Boyd
Jeff Malone
53.2%
Tim Floyd
DeMar DeRozan
52.9%
Roy Williams
Kirk Hinrich
52.2%
Branch McCracken
Walt Bellamy
51.5%
John MacLeod
Troy Murphy
51.2%
Rick Pitino
Jamal Mashburn
51.2%
Billy Donovan
Bradley Beal
50.5%
Jim Boeheim
Danny Schayes
50.2%
Jim Boeheim
Rony Seikaly
49.8%
Roy Williams
Harrison Barnes
49.8%
Jim Valvano
Thurl Bailey
49.8%
Tom Young
James Bailey
49.8%
Norm Sloan
Thurl Bailey
49.8%
John Thompson
Sleepy Floyd
49.2%
Ray Meyer
George Mikan
49.2%
Bob Knight
Calbert Cheaney
48.8%
Ben Howland
Darren Collison
48.8%
Bill Self
Andrew Wiggins
48.5%
Joe Mullaney
Lenny Wilkens
48.5%
Ben Howland
Jrue Holiday
48.5%
Pat Kennedy
Sam Cassell
48.5%
Tim Floyd
Nikola Vucevic
48.1%
Branch McCracken
Slick Leonard
47.1%
Tom Davis
B.J. Armstrong
46.8%
George Raveling
B.J. Armstrong
46.8%
Tom Crean
Cody Zeller
46.7%
Skip Prosser
James Posey
46.5%
Tim Floyd
Taj Gibson
46.4%
Jim Valvano
Tom Gugliotta
46.1%
Jim Dutcher
George Gervin
45.4%
Steve Fisher
Kawhi Leonard
44.7%
Cliff Ellis
Elden Campbell
43.7%
Digger Phelps
Kelly Tripucka
43.1%
Wimp Sanderson
Robert Horry
43.1%
Adolph Rupp
Cliff Hagan
42.4%
Pat Kennedy
Bobby Simmons
42.4%
Paul Hewitt
Derrick Favors
42.2%
Tubby Smith
Tayshaun Prince
42%
John Wooden
Sidney Wicks
41.7%
Johnny Orr
Jeff Hornacek
41.4%
Eddie Sutton
Desmond Mason
41.4%
Coach
Player
% Correct
Rick Pitino
Terry Rozier
41%
Bob Boyd
Paul Westphal
41%
Ben Howland
Trevor Ariza
41%
Norm Stewart
Larry Drew
40.7%
Norm Stewart
Troy Hudson
40.7%
Lorenzo Romar
Brandon Roy
40.7%
John Brady
Glen Davis
40.3%
Jerry Tarkanian
Armen Gilliam
40%
Tom Crean
Anthony Edwards
40%
Jay Wright
Kyle Lowry
40%
Jerry Tarkanian
Isaiah Rider
39.7%
Joe Mullaney
Otis Thorpe
39.7%
Branch McCracken
Dick Van Arsdale
39.3%
Branch McCracken
Tom Van Arsdale
39.3%
Guy Lewis
Otis Birdsong
39%
John Brady
Marcus Thornton
39%
Tubby Smith
Rajon Rondo
38.6%
Pat Kennedy
Bob Sura
38.3%
Johnny Orr
Rudy Tomjanovich
38%
Lorenzo Romar
Terrence Ross
37.6%
Bob Knight
Kent Benson
36.9%
Rick Pitino
Donovan Mitchell
36.9%
Hugh Durham
Dave Cowens
36.9%
Norm Sloan
Vernon Maxwell
36.9%
Digger Phelps
Orlando Woolridge
36.6%
Ned Wulk
Fat Lever
36.6%
Tubby Smith
Nazr Mohammed
35.9%
Bill Frieder
Terry Mills
35.3%
Bobby Cremins
Matt Harpring
34.9%
Bob Knight
Quinn Buckner
34.6%
Frank McGuire
Jim Fox
33.9%
Jay Wright
Jalen Brunson
33.3%
Jay Wright
Randy Foye
33.3%
Bob Knight
Mike Woodson
32.9%
Denny Crum
Rodney McCray
32.5%
Norm Stewart
Anthony Peeler
32.5%
Wimp Sanderson
Derek Fisher
32.5%
Ned Wulk
Lionel Hollins
32.2%
Frank McGuire
Tom Owens
30.8%
Bill Frieder
Eddie House
30.8%
Gary Williams
Dana Barros
29.8%
Lorenzo Romar
Spencer Hawes
29.8%
Ray Meyer
Tyrone Corbin
29.5%
Ned Wulk
Joe Caldwell
28.8%
Jim Dutcher
Trent Tucker
28.8%
George Raveling
Craig Ehlo
28.1%
Tubby Smith
Jodie Meeks
27.8%
Tom Young
Kermit Washington
27.8%
Denny Crum
Junior Bridgeman
27.1%
George Raveling
James Donaldson
27.1%
Wimp Sanderson
Derrick McKey
26.8%
Tom Crean
Victor Oladipo
26.7%
Hugh Durham
Vern Fleming
26.4%
Norm Stewart
Steve Stipanovich
26.1%
Rick Barnes
Avery Bradley
25.4%
Norm Stewart
Keyon Dooling
25.4%
Nolan Richardson
Todd Day
25.4%
Tom Davis
John Bagley
25.1%
Paul Hewitt
Anthony Morrow
24.8%
Bill Frieder
Loy Vaught
24.7%
Jerry Tarkanian
Ricky Sobers
23.7%
Jim Valvano
Vinny Del Negro
23.7%
Ralph Miller
Lonnie Shelton
23.1%
Eddie Sutton
Rex Chapman
22.7%
Jud Heathcote
Jay Vincent
22.4%
Ned Wulk
Alton Lister
22.4%
Nolan Richardson
Paul Pressey
20.3%
Tom Crean
Wesley Matthews
20%
Ray Meyer
Dave Corzine
18.6%
Tom Davis
Kevin Gamble
18.6%
George Raveling
Kevin Gamble
18.6%
Lou Carnesecca
Malik Sealy
18.6%
Lou Henson
Sam Lacey
18%
Pete Gillen
Austin Croshere
18%
Jim Valvano
Jeff Ruland
17.6%
Joe Mullaney
Mike Riordan
17.3%
Johnny Orr
Phil Hubbard
15.3%
Adolph Rupp
Frank Ramsey
14.6%
Lefty Driesell
Dick Snyder
13.9%
John MacLeod
Gar Heard
13.9%
Frank McGuire
Dick McGuire
13.9%
Pat Kennedy
George McCloud
13.6%
Jay Wright
Mikal Bridges
13.3%
Branch McCracken
Jon McGlocklin
13.2%
John Brady
Stromile Swift
13.2%
John Brady
Garrett Temple
13.2%
George Raveling
Robert Pack
12.5%
Nolan Richardson
Andrew Lang
12.5%
Frank McGuire
Brian Winters
12.2%
Bill Frieder
Mike McGee
12.2%
John MacLeod
Clifford Ray
11.9%
Tom Young
Chris Gatling
11.5%
Norm Sloan
Tom Burleson
11.5%
Adolph Rupp
Larry Steele
10.8%
Lou Carnesecca
Billy Paultz
10.5%
Tom Young
John Battle
9.8%
Tom Young
Roy Hinson
9.2%
Cliff Ellis
Terry Catledge
8.1%
Joe Mullaney
Johnny Egan
5.4%
Bob Boyd
John Tresvant
4.7%
Quiz Playlist
Details
Report
Send in Message
Add To Playlist
Classic:
Type in answers that appear in a list
Quiz Source
Last Updated: Apr 24, 2017
Quiz Scoreboard
CHALLENGE
Sign Up to Join the Scoreboard
Show All
Scores
Hide
Comments
May contain spoilers
Recently Published
9x9 Crossword: Cartoon Network
by jackfrog10
Miscellaneous
3m
College Basketball Coaching Resumes
by pancakes188
Sports
9m
Billboard Blitz: Fleetwood Mac
by CooCooCachoo
Music
15s
More to Explore
Quiz From the Vault
Featured Blog Post
Where Did the Easter Bunny Come From?
hide this ad
You Might Also Like...
Tags
College Quiz
NBA Quiz
coach
Player
pts
Scorer
Today's Top Quizzes in Sports
Browse Sports
hide this ad
Today's Top Quizzes in College
Browse College
Top Contributed Quizzes in Sports
1
2022 World Cup Stars
2
Les meilleurs buteurs des matchs entre le PSG et l’OM
3
FIFA Club World Cup Champions
4
Les entraîneurs de l'OM et du PSG au 21e siècle
5
Criteria MLB: Left Handed Sluggers
6
AFC Teams Reveal (Wrong Answers Minefield)
7
2023 MLB Unique Player Accomplishments
8
5-to-1: FBS Animal Nicknames
9
Players with Multiple 50 Home Run Seasons
10
5-to-1: UK Sports Teams
Explore More
Trending Topics
Crossword
Anime
NBA
Harry Potter
Kpop
Marvel
Disney
Song
Country
WWE
NFL
The Office
Puzzle
Pokémon
Soccer
hide this ad
More By:
Feely
Quiz
Plays
Rating
Category
Featured
Created
NBA Top 200 Scorers (2000s)
552,261
4.62
Sports
Oct 3, 2010
NCAA Tournament #1 Seeds
550,132
4.69
Sports
Oct 12, 2009
NBA Opening Day Alma Maters (2010)
136,757
4.39
Sports
Oct 29, 2010
NBA Top 200 Scorers (2015-16)
128,120
4.72
Sports
Apr 14, 2016
NBA Draft Lottery Picks
127,737
4.47
Sports
Jan 13, 2012
Go to Creator's Profile
Score Distribution
Quiz Creator Spotlight
Feely
Follow
Send a Message
Quizzes Created
-
Created Quiz Play Count
-
More By This Creator
Popular Quizzes Today
1
Find the US States - No Outlines Minefield
2
Find the Countries of Europe - No Outlines Minefield
3
The Countries of the World
4
Find the US States
5
Risky Map Clicking: Biggest States A-Z
6
US States
7
Popular People in 1961
8
Movies - When Are They Set?
More Sports Quizzes
Not On Their Logo: Pittsburgh Penguins
Curator's Pick
Trending Quizzes
Risky Map Clicking: Least Populous States A-Z
1-10 Letter G Words
1-10 Letter F Words
Risky Map Clicking: Next State Alphabetically
Adjectives in 80s TV Shows
Recently Updated
Leaping Animals
pecheneg
Reality TV Shows (A-Z)
bhenderson79
Rickey Henderson's Hall of Fame Teammates
pecheneg
Champions League XIs: Arsenal
pecheneg
Quick Pick: Celebrities in WWE's Hall of Fame
aduchscher
A-Z Keypad Blitz II
pecheneg
Multiple Oscar Actors
pecheneg
Mystery Phrase Blitz: Oscar 'Best Actors'
pecheneg
F. Scott Fitzgerald Novels
LTH
Pick 3 Villains
ddd62291
Trending Topics
Harry Potter
Disney
NBA
Crossword
Marvel
Anime
Kpop
Song
Country
WWE
Soccer
The Office
Puzzle
Pokémon
NFL
Your Account Isn't Verified!
In order to create a playlist on Sporcle, you need to verify the email address you used during registration. Go to your
Sporcle Settings
to finish the process.
Report this User
Report this user for behavior that violates our
Community Guidelines
.
Details:
Send Report
Go to the Sporcle.com Mobile Site →
Comments